00305nam a22001217a 4500003000400000082001800004100001900022245004300041260004400084300000700128650002400135653002400159SGT a617.645bA21G aGupta, Snigdha aAnticipatory guidance in prevention... aGurugram, HaryanabSGT Universityc2021 a74 aPediatric Dentistry aPediatric Dentistry